000
00260nam a22001217a 4500
008
181022b xxu||||| |||| 00| 0 eng d
041
_a
eng
080
_a
159.9
100
_a
49
101
_a
PSI
245
_a
Brain and Behavior
_c
Garrett, B
942
_2
udc
_c
BK
999
_c
50522
_d
50522